=LDR 00000nam 2200000 4500 =001 NUTBA000000000000155 =005 20140317160548.0 =006 =007 =008 =020 ##$$a 979-539-108-9 =035 ##$$a 0010-031400000000154 =082 ##$$a 657.42 =090 ##$$b 657.42 Mul a =100 ##$$a Mulyadi $c Drs,M.Sc.,Akuntan =245 ##$$a Akuntansi Biaya =250 ##$$a Ed5 =260 ##$$a Yogyakarta $b Adithia Mediya $c 1999 =300 ##$$a xiii,553 hlm $b ilus $c 26 cm =850 ##$$a NBPNMAT =990 ##$$a 90247/BPAP-NTB/2014 =990 ##$$a 90460/BPAP-NTB/2014 =990 ##$$a 91750/BPAP-NTB/2014 =990 ##$$a 21400476/BPAP-NTB/2014 =990 ##$$a 0001/BPAP-NTB/20142014 =990 ##$$a 0001/BPAP-NTB/20142014 =990 ##$$a 90247/BPAP-NTB/2014 =990 ##$$a 90460/BPAP-NTB/2014 =990 ##$$a 91750/BPAP-NTB/2014 =990 ##$$a 21400476/BPAP-NTB/2014 =990 ##$$a 90247/BPAP-NTB/2014 =990 ##$$a 90460/BPAP-NTB/2014 =990 ##$$a 91750/BPAP-NTB/2014 =990 ##$$a 21400476/BPAP-NTB/2014 =990 ##$$a 0001/BPAP-NTB/20142014